نظام التأمين : (رقم التسجيلة. 1076)

تفاصيل مارك
000 -الفاتح
عناصر البيانات ثابتة الطول 00877cam a2200217 i 4500
005 - تاريخ ووقت آخر معاملة
حقل ضبط 20251210092227.0
008 - عناصر البيانات ثابتة الطول
عناصر البيانات ثابتة الطول 250721s1984 le gr 000 0 ara d
082 14 - رقم تصنيف ديوي العشري
رقم التصنيف 216,3
رقم المادة ز ر ق
100 1# - مدخل رئيسي – اسم شخصي
الاسم الشخصي الزرقاء، مصطفى أحمد
علاقة الشخص بالعمل/ دوره مؤلف.
245 10 - بيان العنوان
العنوان نظام التأمين :
بقية العنوان حقيقته و الرأي الشرعي فيه /
بيان المسؤولية مصطفي احمد الزرقاء.
250 ## - بيان الطبعة
بيان الطبعة الطبعه الاولى.
264 31 - بيانات النشر، التوزيع…إلخ
مكان النشر، التوزيع...إلخ بيروت :
اسم الناشر، الموزع...إلخ مؤسسة الرسالة،
تاريخ النشر، التوزيع...إلخ 1984.
300 ## - الوصف المادي
عدد الوحدات المكونة للوعاء 196صفحه.
500 ## - ملاحظات عامة
ملاحظات عامة دراسة لجوانب التأمين القانونية... مناقشة مستفيضة للاراء الفقهية المعاصرة حوله...
650 17 - مدخل إضافي بالموضوع - مصطلح موضوعي
مصطلح موضوعي أو اسم جغرافي كعنصر مدخل الإسلام.
650 17 - مدخل إضافي بالموضوع - مصطلح موضوعي
مصطلح موضوعي أو اسم جغرافي كعنصر مدخل الفقه.
650 17 - مدخل إضافي بالموضوع - مصطلح موضوعي
مصطلح موضوعي أو اسم جغرافي كعنصر مدخل المعاملات (فقه إسلامي).
650 17 - مدخل إضافي بالموضوع - مصطلح موضوعي
مصطلح موضوعي أو اسم جغرافي كعنصر مدخل التأمين.
942 ## - بيانات إضافية (كوها)
نوع التنصيف Dewey Decimal Classification
نوع المادة (كوها) كتب
المقتنيات
حالة السحب حالة الفقدان مصدر التصنيف حالة التلف غير قابل للإعارة المكتبة الرئيسية المكتبة الحالية موقع الرف تاريخ التزويد الرقم المتسلسل Total Checkouts رقم الإستدعاء الباركود تاريخ آخر ظهور تاريخ الفاتورة نوع المادة (كوها)
    Dewey Decimal Classification     المكتبة المركزية المكتبة المركزية الإعارة 06/07/2004 114109   216,3 / ز ر ق 114109 28/07/2025 06/07/2004 كتب
    Dewey Decimal Classification     مكتبة صويلح العامة مكتبة صويلح العامة الإعارة 11/11/2015 [4888   216,3/زرق PLD00363985 28/07/2025 11/11/2015 كتب
Implemented & Customized by: BBB with SCIT (Smart Chains for Information Technology)

Powered by Koha